00335nam a2200133Ia 4500008004100000041000800041082002000049100003200069245003200101260003200133300000800165502001100173999001700184230128s9999 xx 000 0 und d aeng aPAT PR0219bPAT aPatole M D (2K4220)9118929 aAdmission Management System c2006bPune UniversityaPune a94p cVaze S c97227d97227